Statistics for Juventus Squad 2021-22

Click here to take the quiz!

General Stats

  • This quiz has been taken 86 times
  • The average score is 20 of 25

Answer Stats

PositionNationalityShirt NumberName% Correct
DF
19Bonucci
99%
DF
3Chiellini
99%
DF
4De Ligt
96%
FW
10Dybala
94%
DF
12Alex Sandro
93%
MF
11Cuadrado
91%
FW
9Morata
91%
MF
8Ramsey
91%
DF
6Danilo
88%
MF
14McKennie
87%
FW
22Chiesa
85%
FW
44Kulusevski
85%
MF
25Rabiot
84%
GK
36Perin
79%
MF
30Bentancur
78%
DF
24Rugani
76%
GK
1Szczesny
76%
MF
5Arthur
71%
MF
20Bernardeschi
66%
DF
2De Sciglio
66%
MF
27Locatelli
63%
GK
23Pinsoglio
62%
FW
7Kean
51%
DF
17
Pellegrini
41%
FW
21Kaio Jorge
40%

Score Distribution

Percentile by Number Answered

Percent of People with Each Score

Your Score History

You have not taken this quiz